Technology and women's empowerment (Record no. 529122)

MARC details
000 -LEADER
fixed length control field 01073nam a2200205Ia 4500
008 - FIXED-LENGTH DATA ELEMENTS--GENERAL INFORMATION
fixed length control field 240822s9999 xx 000 0 und d
020 ## - INTERNATIONAL STANDARD BOOK NUMBER
ISBN 9780367493714
Paper back/Hardbound hbk
041 ## - LANGUAGE CODE
Language code of text/sound track or separate title eng
082 ## - DEWEY DECIMAL CLASSIFICATION NUMBER
Classification number 305.409172
Item number LEC
100 ## - MAIN ENTRY--AUTHOR NAME
Personal name Lechman, Ewa
245 #0 - TITLE STATEMENT
Title Technology and women's empowerment
Statement of responsibility, etc / Ewa Lechman
250 ## - EDITION STATEMENT
Edition statement 1st ed.
260 ## - PUBLICATION, DISTRIBUTION, ETC. (IMPRINT)
Name of publisher Routledge
Year of publication c2021
Place of publication New York
300 ## - PHYSICAL DESCRIPTION
Number of Pages xxx, 248 p.
Dimensions 23 cm.
504 ## - BIBLIOGRAPHY, ETC. NOTE
Bibliography, etc Includes index
520 ## - SUMMARY, ETC.
Summary, etc The near-ubiquitous spread of ICT offers unprecedented opportunities for social and economic agents, reshapes social and economic structures and drives the emergence of socio-economic networks. This book contributes to the growing body of literature and present state of knowledge, offering the reader broad evidence on how new information and communication technologies impact women's economic and social empowerment and hence have an impact on overall welfare creation.
650 ## - SUBJECT ADDED ENTRY--TOPICAL TERM
Topical Term Women Developing countries; Social conditions Women Economic conditions; Women Social conditions
942 ## - ADDED ENTRY ELEMENTS (KOHA)
Koha item type English Books
Holdings
Withdrawn status Lost status Damaged status Not for loan Home library Current library Shelving location Date acquired Full call number Accession Number Price effective from Koha item type
        Anna Centenary Library Anna Centenary Library 3RD FLOOR, B WING 05.06.2024 305.409172 LEC 689584 05.06.2024 Reference

Find us on the map